Cause of Death in The Terror - Statistics

General Stats
  • This quiz has been taken 7 times
  • The average score is 4 of 10
Answer Stats
Answer Example character % Correct
Burned Dr. Samuel Stanley
57%
Suicide Harry Goodsir
57%
Tuunbaaq Lt. Graham Gore
57%
Drowned/hypothermia David Orren
43%
Shot John Morfin
43%
Stabbed Lt. John Irving
43%
Heart failure Frederick Hornby
29%
Lead poisoning/scurvy/starvation Harry Peglar
29%
Exposure John Bridgens
0%
Tuberculosis William Young
0%
No matching quizzes found
Score Distribution
Percent of People with Each Score
Percentile by Number Answered
Your Score History
You have not taken this quiz